000 00336nam a22001457a 4500
003 OSt
008 220521b ||||| |||| 00| 0 eng d
020 _a978-0-919-2911-4
082 _a650.1 FEF
100 _aFERRISS,Timothy
245 _aThe 4-Hour Work Week
260 _aLondon
_bVermiloon
_c2011
300 _a396
942 _2ddc
_cBK
999 _c11232
_d11232